[Event "POL-chT3 Liga Slaska"]
[Site "Poland"]
[Date "2007.03.18"]
[Round "6"]
[White "Marzec, Jaroslaw"]
[Black "Jurek, Pawel"]
[Result "0-1"]
[WhiteElo "2100"]
[BlackElo "2192"]
[PlyCount "80"]
[EventDate "2007.01.28"]
[EventType "team-swiss"]
[EventRounds "9"]
[EventCountry "POL"]
[SourceTitle "EXT 2011"]
[Source "ChessBase"]
[SourceDate "2010.11.26"]
[SourceVersion "1"]
[SourceVersionDate "2010.11.26"]
[SourceQuality "1"]
[WhiteTeam "Katowice Zawodzie"]
[BlackTeam "Szombierki TS"]
[WhiteTeamCountry "POL"]
[BlackTeamCountry "POL"]

1. f4 d5 2. Nf3 g6 3. e3 Bg7 4. c4 Nf6 5. Nc3 0-0 6. b3 c5 7. cxd5 Nxd5 8. Bb2 Nc6 9. Na4 Bxb2 10. Nxb2 Bg4 11. Be2 Re8 12. 0-0 Nxf4 13. exf4 Bxf3 14. Bxf3 Qd4+ 15. Rf2 Qxb2 16. Bxc6 bxc6 17. Qc1 Qd4 18. Qc3 Qxc3 19. dxc3 Rad8 20. Re2 f6 21. Rae1 Kf7 22. Kf2 e6 23. c4 Rd6 24. Kf3 a5 25. g4 Rd3+ 26. Kf2 a4 27. Re3 Rxe3 28. Rxe3 a3 29. Rd3 Ke7 30. Ke3 Rd8 31. Rxd8 Kxd8 32. Kd3 Kd7 33. h4 Kd6 34. Ke3 f5 35. g5 e5 36. Kf3 exf4 37. Kxf4 Ke6 38. Kf3 Ke5 39. Ke3 f4+ 40. Kf3 Kf5 0-1

[Event "POL-chT 2nd League"]
[Site "Wysowa"]
[Date "2003.09.14"]
[Round "11"]
[White "Krajewski, Radoslaw"]
[Black "Jurek, Pawel"]
[Result "1/2-1/2"]
[WhiteElo "2106"]
[BlackElo "2151"]
[PlyCount "87"]
[EventDate "2003.09.06"]
[EventType "team-swiss"]
[EventRounds "11"]
[EventCountry "POL"]
[SourceTitle "CBM 096 Extra"]
[Source "ChessBase"]
[SourceDate "2003.10.22"]
[SourceVersion "2"]
[SourceVersionDate "2003.10.20"]
[SourceQuality "1"]
[WhiteTeam "Gliwice Roszada"]
[BlackTeam "Bytom Szombierki"]
[WhiteTeamCountry "POL"]
[BlackTeamCountry "POL"]

1. d4 Nf6 2. c4 g6 3. Nc3 d5 4. cxd5 Nxd5 5. Bd2 Bg7 6. e4 Nb6 7. Be3 0-0 8. Be2 Nc6 9. Nf3 Bg4 10. d5 Bxf3 11. gxf3 Na5 12. Bd4 Qd6 13. Bxg7 Kxg7 14. a3 Qf6 15. Rc1 c6 16. b4 Nac4 17. dxc6 bxc6 18. Qb3 Ne5 19. Nb1 Rfd8 20. Qe3 Rd4 21. 0-0 Rad8 22. Rfd1 Nbc4 23. Qb3 Rxd1+ 24. Rxd1 Rxd1+ 25. Qxd1 Nb2 26. Qc1 Nbd3 27. Qe3 Nf4 28. Bf1 g5 29. Nd2 h5 30. Nc4 Neg6 31. Qxa7 Qa1 32. Ne3 Nh3+ 33. Kh1 Nh4 34. Qxe7 Nxf2+ 35. Kg1 Nh3+ 36. Kh1 Qe1 37. Qe5+ Kh7 38. Qf6 Kg8 39. Qd8+ Kg7 40. Qd4+ f6 41. Qd7+ Kh6 42. Qf7 Nf2+ 43. Kg1 Nh3+ 44. Kh1 1/2-1/2

[Event "POL-chT 2nd League"]
[Site "Wysowa"]
[Date "2003.09.06"]
[Round "1"]
[White "Jurek, Pawel"]
[Black "Gumula, Daniel"]
[Result "0-1"]
[WhiteElo "2151"]
[BlackElo "2153"]
[PlyCount "86"]
[EventDate "2003.09.06"]
[EventType "team-swiss"]
[EventRounds "11"]
[EventCountry "POL"]
[SourceTitle "CBM 096 Extra"]
[Source "ChessBase"]
[SourceDate "2003.10.22"]
[SourceVersion "2"]
[SourceVersionDate "2003.10.20"]
[SourceQuality "1"]
[WhiteTeam "Bytom Szombierki"]
[BlackTeam "Jaworzno JKSz MCKiS II"]
[WhiteTeamCountry "POL"]
[BlackTeamCountry "POL"]

1. e4 c5 2. Nf3 d6 3. Bb5+ Bd7 4. Bxd7+ Qxd7 5. 0-0 g6 6. c3 Bg7 7. d4 cxd4 8. cxd4 Nf6 9. Nc3 0-0 10. Qe2 Rc8 11. e5 Ne8 12. Ng5 e6 13. f4 Nc6 14. Be3 Ne7 15. Rad1 d5 16. g4 Rc6 17. Kh1 f5 18. exf6 Nxf6 19. h3 Rac8 20. Kg2 b5 21. Nf3 Ne4 22. Qxb5 Qc7 23. Ne5 Bxe5 24. Nxe4 Rc2+ 25. Nd2 Bg7 26. f5 gxf5 27. Bf4 Qc6 28. Qb4 Ng6 29. gxf5 exf5 30. Rf2 Qb6 31. Qxb6 axb6 32. Be5 Bxe5 33. dxe5 Rxb2 34. Nb3 Rcc2 35. Rxc2 Rxc2+ 36. Kg1 Nf4 37. Nd4 Nxh3+ 38. Kf1 Rxa2 39. Rb1 Rd2 40. Ne2 f4 41. Rb3 Rd1+ 42. Kg2 Re1 43. Rb2 Rxe2+ 0-1

[Event "POL-chT3"]
[Site "Poland"]
[Date "2002.??.??"]
[Round "?"]
[White "Jurek, Pawel"]
[Black "Drozd, Ryszard"]
[Result "1-0"]
[WhiteElo "2213"]
[BlackElo "2249"]
[PlyCount "129"]
[EventDate "2002.??.??"]
[EventType "team-tourn"]
[EventRounds "9"]
[EventCountry "POL"]
[SourceTitle "EXT 2006"]
[Source "ChessBase"]
[SourceDate "2005.11.24"]
[SourceVersion "1"]
[SourceVersionDate "2005.11.24"]
[SourceQuality "1"]

1. e4 c5 2. Nc3 Nc6 3. Nf3 g6 4. Bb5 Bg7 5. Bxc6 bxc6 6. 0-0 Nf6 7. Re1 0-0 8. e5 Nd5 9. Ne4 c4 10. d4 cxd3 11. Qxd3 a5 12. c4 Nb4 13. Qe2 Qc7 14. a3 Na6 15. Bg5 f6 16. exf6 exf6 17. Bh4 d5 18. cxd5 cxd5 19. Rac1 Qb6 20. Nc3 Bb7 21. Rcd1 Rad8 22. Qe6+ Qxe6 23. Rxe6 Nc5 24. Rb6 Ba8 25. Rb5 Ne6 26. h3 d4 27. Na4 d3 28. Rxa5 Bxf3 29. gxf3 d2 30. Nc3 Rd3 31. Rd5 Nd4 32. Kg2 f5 33. Bg5 Nxf3 34. Rxd3 Ne1+ 35. Kf1 Nxd3 36. Rxd2 Nxb2 37. Rxb2 Bxc3 38. Rc2 Bg7 39. a4 Ra8 40. Rc4 Be5 41. Be3 Kf7 42. Bb6 Ke6 43. a5 Kd5 44. Rc5+ Kd6 45. Rc2 Bf6 46. Ke2 h5 47. Kd3 g5 48. Rc5 f4 49. Kc4 Rh8 50. a6 g4 51. hxg4 hxg4 52. Bc7+ Kd7 53. Bxf4 Ra8 54. Kb5 Ke6 55. Rc6+ Kf5 56. Rxf6+ Kxf6 57. Kb6 Kf5 58. Bg3 Ke4 59. Kb7 Rf8 60. a7 Rf7+ 61. Kb6 Rf8 62. Bb8 Rxf2 63. a8Q+ Ke3 64. Qa3+ Ke2 65. Qg3 1-0

[Event "POL-chT3"]
[Site "Poland"]
[Date "2002.??.??"]
[Round "?"]
[White "Pakleza, Zbigniew"]
[Black "Jurek, Pawel"]
[Result "1-0"]
[WhiteElo "2282"]
[BlackElo "2213"]
[PlyCount "108"]
[EventDate "2002.??.??"]
[EventType "team-tourn"]
[EventRounds "9"]
[EventCountry "POL"]
[SourceTitle "EXT 2006"]
[Source "ChessBase"]
[SourceDate "2005.11.24"]
[SourceVersion "1"]
[SourceVersionDate "2005.11.24"]
[SourceQuality "1"]

1. d4 Nf6 2. c4 g6 3. Nc3 d5 4. Nf3 Bg7 5. Bg5 dxc4 6. e3 0-0 7. Bxc4 c5 8. dxc5 Qa5 9. 0-0 Qxc5 10. Qd4 Qa5 11. Qe5 Nc6 12. Qxa5 Nxa5 13. Be2 h6 14. Bh4 Nc6 15. Nd4 Nxd4 16. exd4 Be6 17. Bf3 Rad8 18. d5 Bf5 19. g4 Bc8 20. h3 g5 21. Bg3 h5 22. gxh5 Bxh3 23. Rfe1 Rd7 24. Re5 Nh7 25. Re2 Rc8 26. Kh2 Bf5 27. Be5 Rc4 28. Bxg7 Kxg7 29. Rae1 e6 30. dxe6 Bxe6 31. Ne4 b6 32. Ng3 Rcd4 33. h6+ Kg8 34. Rxe6 fxe6 35. Rxe6 Rf4 36. Kg2 Rf6 37. Re8+ Nf8 38. Be2 Kh7 39. Bg4 Rd4 40. Bc8 Ng6 41. Bf5 Kxh6 42. Bxg6 Kxg6 43. Rg8+ Kh6 44. Rh8+ Kg7 45. Re8 Rf7 46. Re5 Kg6 47. Re6+ Rf6 48. Re7 Rf7 49. Re6+ Kg7 50. Re5 Rd2 51. Ne4 Rxb2 52. a3 Rb3 53. Nxg5 Rd7 54. Re2 Rxa3 1-0

[Event "POL-chT 58th 2nd League"]
[Site "Wisla"]
[Date "2002.??.??"]
[Round "?"]
[White "Tworuszka, Michal"]
[Black "Jurek, Pawel"]
[Result "1-0"]
[WhiteElo "2259"]
[BlackElo "2213"]
[PlyCount "40"]
[EventDate "2002.08.30"]
[EventType "team-swiss"]
[EventRounds "11"]
[EventCountry "POL"]
[SourceTitle "EXT 2019"]
[Source "ChessBase"]
[SourceDate "2018.10.10"]
[SourceVersion "1"]
[SourceVersionDate "2018.10.10"]
[SourceQuality "1"]

1. e4 c5 2. Nf3 d6 3. d4 cxd4 4. Nxd4 Nf6 5. f3 a6 6. c4 e6 7. Nc3 Be7 8. Be3 0-0 9. Be2 Nc6 10. 0-0 Bd7 11. Qd2 Re8 12. Rfd1 Nxd4 13. Bxd4 Bc6 14. Bf1 Bf8 15. Rac1 Rb8 16. Qf2 Nd7 17. Nd5 Bxd5 18. cxd5 e5 19. Be3 Be7 20. Qd2 h6 1-0

[Event "POL-chT Region"]
[Site "Poland"]
[Date "1999.??.??"]
[Round "?"]
[White "Lubosik, Zbigniew"]
[Black "Jurek, Pawel"]
[Result "0-1"]
[WhiteElo "2160"]
[BlackElo "2215"]
[PlyCount "100"]
[EventDate "1999.??.??"]
[EventType "team"]
[EventRounds "13"]
[EventCountry "POL"]
[SourceTitle "EXT 2002"]
[Source "ChessBase"]
[SourceDate "2001.11.25"]
[SourceVersion "1"]
[SourceVersionDate "2001.11.25"]
[SourceQuality "1"]

1. d4 Nf6 2. Nf3 g6 3. Nc3 d5 4. Bf4 Bg7 5. Qd2 h6 6. h4 Bf5 7. Ne5 c6 8. f3 h5 9. 0-0-0 Nbd7 10. e3 Qa5 11. Kb1 Nxe5 12. Bxe5 0-0-0 13. Be2 Ne8 14. g4 hxg4 15. fxg4 Be6 16. Bf4 Bf6 17. Qe1 Nd6 18. g5 Bg7 19. Bxd6 exd6 20. h5 b5 21. Bf3 Bf5 22. Qg3 Rhe8 23. Bg4 Bxg4 24. Qxg4+ Kb8 25. hxg6 fxg6 26. Rh7 Re7 27. Ne2 Qc7 28. Nf4 Rxe3 29. Nxg6 Qf7 30. Nh4 Re4 31. Qf5 Rf8 32. Qxf7 Rxf7 33. g6 Rxd4 34. Rh1 Rf6 35. c3 Rxh4 36. R1xh4 Rxg6 37. Rf4 Bf6 38. Rf7 Be5 39. Rf8+ Kb7 40. R4f7+ Kb6 41. Rb8+ Kc5 42. Rxa7 Rg1+ 43. Kc2 Rg2+ 44. Kb3 d4 45. a4 d3 46. axb5 Rg1 47. bxc6 Kxc6 48. Kc4 d2 49. Rc8+ Kb6 50. Rcc7 d5+ 0-1

[Event "POL-chT 2nd League South"]
[Site "Wisla"]
[Date "1998.??.??"]
[Round "?"]
[White "Jurek, Pawel"]
[Black "Pazdzior, Jaroslaw"]
[Result "0-1"]
[WhiteElo "2145"]
[BlackElo "2155"]
[PlyCount "76"]
[EventDate "1998.11.20"]
[EventType "team-swiss"]
[EventRounds "10"]
[EventCountry "POL"]
[SourceTitle "EXT 2000"]
[Source "ChessBase"]
[SourceDate "1999.11.16"]
[SourceVersion "1"]
[SourceVersionDate "1999.11.16"]
[SourceQuality "1"]

1. e4 e5 2. Nf3 Nc6 3. d4 exd4 4. Nxd4 Bc5 5. Nxc6 Qf6 6. Qd2 dxc6 7. Nc3 Be6 8. Na4 Bd6 9. Bd3 0-0-0 10. Qe3 Kb8 11. Nc5 Be5 12. Nxe6 Qxe6 13. 0-0 Nf6 14. Qe2 Rhe8 15. Re1 Qd6 16. g3 h6 17. Bc4 Bd4 18. Qf3 Qb4 19. c3 Qxc4 20. cxd4 Qxd4 21. Be3 Qe5 22. Bf4 Qe7 23. Rad1 Rxd1 24. Qxd1 g5 25. Bc1 b6 26. Qc2 Kb7 27. Bd2 Ng4 28. h3 Ne5 29. Kg2 Rd8 30. Be3 Qe6 31. b3 Nd3 32. Re2 Qxe4+ 33. Kh2 Qf3 34. g4 Rd5 35. a3 a5 36. b4 axb4 37. axb4 Nxb4 38. Qb2 Rd1 0-1